000 00520nam a2200181Ia 4500
008 090123s9999 xx 000 0 und d
082 _b26619
_a891.463/वैद्य
100 _aवैद्य सुरेश
245 _aचरित्र
250 _a0
260 _bअमोल प्रकाशन
_c1997
300 _a152
600 _aवैद्य सुरेश
630 _aचरित्र
700 _aवैद्य सुरेश
730 _aचरित्र
942 _cBOOK
999 _c64688
_d64688